000 01024nam a2200241Ia 4500
003 OSt
005 20200727194950.0
008 191128s2001 ck fr 001 0dspa d
020 _a9586165884
040 _aCO-JMCR
_cCO-JMCR
041 0 _aspa
082 0 4 _a340 /
_bH662r
_223
100 1 _aHinestrosa, Fernando,
_eautor
_97921
245 1 0 _aReflexiones de un librepensador /
_cFernando Hinestrosa ; compiladora Emilssen González de Cancino
250 _aPrimera edición
260 _aBogotá :
_bUniversidad Externado de Colombia,
_c2001
300 _a584 páginas ;
_c24 cm.
500 _aIncluye índice alfabético y datos biográficos del autor.
505 0 _aLos hermanos mayores se reúnen -- Academias -- Homenajes -- Los que se han ido -- Educación universitaria -- Sobre el derecho y otras ciencias -- Ensayos breves -- El externado: educación para la libertad
650 1 4 _aEnsayos colombianos
_ySiglo XXI
_97922
700 1 _aGonzález de Cancino, Emilssen,
_ecompiladora
_97923
942 _2ddc
_cBK
999 _c3849
_d3849